00987nam a2200229 a 4500001001000000003000500010005001700015008004100032010001100073011001100084040000900095100002100104245017200125260004100297500006000338502008500398650006600483650003200549650006000581650004600641856007000687000113553CHAP20220329144401.0170802s2017 mx a fsm |||||||spa d a110014 a110986 cCHAP1 aKu Mukul, Efrain13aEl Business to Business (B2B) como ventaja competitiva para el desarrollo empresarial de las MIPyMES agroindustriales en México /h[En línea]cpor Efrain Ku Mukul. aChapingo, Méx. :bEl autor,c2017. aPara ver el contenido del material haga clic en la liga aTesis (Ing. Agroindustrial) -- UACH. Departamento de Ingeniería Agroindustrial14aComercio exteriorxSimplificación administrativazMéxico.14aNegociosxAdministración.14aPequeñas y medianas empresasxComercio electrónico.14aTecnologíaxServicios de información. aFinding aiduhttp://10.13.5.2/tesis/sist113553.pdfzTeclea aquí